00634nam a2200157 i 450000100060000000300090000600500170001500700030003200800410003524502000007626000640027630000310034065000270037171000540039885200240045276386ES-MaACL20250724075055.0t|201022s1879 sp ||||1| spa d00aResumen de los trabajos hechos para la determinación del metro y kilogramo internacionales b: desde Junio de 1875 hasta Julio de 1879,|cpublicado por el Instituto Geográfico y Estadístico. a[Madrid : bInstituto Geográfico y Estadístico, c1879. a126 p., 1 plan. ; c27 cm. 7aPesos y medidas2embne2 aInstituto Geográfico y Estadístico (España) aES-MaACLjT-441-F-5